UBT Library

Construction delay : (Record no. 44005)

000 -LEADER
fixed length control field 00611cam a2200229 i 4500
001 - CONTROL NUMBER
control field 3652062
005 - DATE AND TIME OF LATEST TRANSACTION
control field 20180302053811.0
008 - FIXED-LENGTH DATA ELEMENTS--GENERAL INFORMATION
fixed length control field 760601s1976 maua b 001 0 eng
010 ## - LIBRARY OF CONGRESS CONTROL NUMBER
LC control number 76019110
020 ## - INTERNATIONAL STANDARD BOOK NUMBER
International Standard Book Number 0843601620 :
Terms of availability $25.00
040 ## - CATALOGING SOURCE
Original cataloging agency DLC
Transcribing agency DLC
Modifying agency DLC
041 ## - LANGUAGE CODE
Language code of text/sound track or separate title eng
043 ## - GEOGRAPHIC AREA CODE
Geographic area code n-us---
080 ## - UNIVERSAL DECIMAL CLASSIFICATION NUMBER
Universal Decimal Classification number 343.73078
082 00 - DEWEY DECIMAL CLASSIFICATION NUMBER
Classification number 343.73078 OBR
100 1# - Rafti
Rafti 14
101 ## - Shkurtesa
Shkurtesa SHJ
245 10 - TITLE STATEMENT
Title Construction delay :
Statement of responsibility, etc James J. O'Brien.
504 ## - BIBLIOGRAPHY, ETC. NOTE
Bibliography, etc Bibliography: p. 357.
906 ## - LOCAL DATA ELEMENT F, LDF (RLIN)
a 7
b cbc
c orignew
d 1
e ocip
f 19
g y-gencatlg
942 ## - ADDED ENTRY ELEMENTS (KOHA)
Source of classification or shelving scheme
Item type Books
Holdings
Withdrawn status Lost status Source of classification or shelving scheme Damaged status Not for loan Collection code Permanent location Current location Shelving location Date acquired Total Checkouts Full call number Barcode Date last seen Price effective from Koha item type
          Koleksioni i përgjithshem UBT - Lipjan UBT - Lipjan Koleksioni i lëndeve mesimore 03/02/2018   343.73078 OBR 002-3000802 03/02/2018 03/02/2018 Books
UBT Library © 2015-2024. All rights reserved University Education for Business and Technology